Animals That Start With B - Statistics

General Stats
  • This quiz has been taken 88 times
  • The average score is 15 of 22
Answer Stats
Description Animal % Correct
Species include polar, grizzly, etc. Bear
96%
Insect that makes honey Bee
95%
Wild pig Boar
91%
American buffalo Bison
84%
Male cow Bull
84%
Large Old World monkey with sharp teeth Baboon
82%
Airborne mammal Bat
82%
Dam-building rodent Beaver
82%
Relative of the lynx Bobcat
77%
Indian species of tiger Bengal Tiger
75%
National animal of the United States Bald Eagle
70%
Most dangerous species of jellyfish Box Jellyfish
63%
Commonplace pet dog, varieties include America, Old English, and French Bulldog
63%
Burrowing American mammal, looks like a skunk Badger
61%
Most common species of dolphin Bottlenose Dolphin
61%
Small cute dog breed (very common) Beagle
52%
Chimpanzee Bonobo
52%
Seabird of which some subspecies have blue feet Booby
52%
Species of camel with two humps Bactrian Camel
48%
Third most dangerous shark species, swims through saltwater and freshwater Bull Shark
43%
Largest forest antelope, red fur with white stripes Bongo
27%
Sometimes known as a bearcat Binturong
25%
No matching quizzes found
Score Distribution
Percent of People with Each Score
Percentile by Number Answered
Your Score History
You have not taken this quiz